000 00648nam a2200205Ia 4500
001 10027
003 GE_BSU
008 181216s||||||||xx |||||||||||||| ||und||
040 _cGE_BSU
080 _a821.353.1–1
100 _aჟურული,ვარლამ
245 _aლექსები
245 _cწინასიტყვაობა:დავით გაჩეჩილაძე
260 _aთბილისი
260 _bლიტერატურა და ხელოვნება
260 _c1966
300 _a252გვ.1ფ.პორტრ.17სმ.
653 _aლექსები
942 _cBK
999 _c43300
_d43300